Nuestra hora final (Registro nro. 305843)

Detalles MARC
000 -ENCABEZADO
Número de control [NR] 02691cam a2200337Ma 4500
001 - NÚMERO DE CONTROL
control field ocm55844606
005 - FECHA Y HORA DE LA ÚLTIMA TRANSACCIÓN
control field 20200305161124.0
008 - DE LONGITUD FIJA DE DATOS DE ELEMENTOS - INFORMACIÓN GENERAL
Elementos de longitud fija [NR] 170302s2004 sp frb 001 0 spa d
020 ## - NUMERO INTERNACIONAL NORMALIZADO PARA LIBROS [R]
Número Internacional Normalizado del libro [NR] 8484325490
020 ## - NUMERO INTERNACIONAL NORMALIZADO PARA LIBROS [R]
Número Internacional Normalizado del libro [NR] 9788484325499
035 ## - NUMERO DE CONTROL DEL SISTEMA [R]
Número de control del sistema [NR] (OCoLC)55844606
040 ## - FUENTE DE CATALOGACION [NR]
Agencia de catalogación original [NR] Co-BoUCM
Idioma de catalogación [NR] spa
Quien Cataloga Saul Niño
Quien Clasifica Saul Niño
041 1# - CODIGO DE IDIOMA [R]
Código de idioma para texto/pista de sonido o título separado [R] Español
100 1# - ASIENTO PRINCIPAL--NOMBRE PERSONAL [NR]
Nombre personal [NR] Rees, Martin J.
Fechas asociadas con el nombre [NR] 1942-
ID Autoridad 84438
240 10 - TITULO UNIFORME [NR]
Título uniforme [NR] <a href="Our final hour. A scientist's warning: How terror, error, and environmental disaster">Our final hour. A scientist's warning: How terror, error, and environmental disaster</a>
245 10 - MENCION DE TITULO [NR]
Título [NR] Nuestra hora final
Parte restante del título [NR] será el siglo XXI el último de la humanidad
Mención de responsabilidad, etc. [NR] Martin Rees ; traducción castellana de Joan Lluís Riera Rey
260 ## - PUBLICACION, DISTRIBUCION, ETC. (PIE DE IMPRENTA) [R]
Lugar de publicación, distribución, etc. [R] Barcelona (España)
Nombre del editor, distribuidor, etc. [R] Crítica
Fecha de publicación, distribución, etc. [R] 2004
300 ## - DESCRIPCION FISICA [R]
Extensión [R] 222 páginas
490 0# - MENCION DE SERIE [R]
Mención de serie [R] Drakontos
504 ## - NOTA DE BIBLIOGRAFIA, ETC. [R]
Nota de bibliografía, etc. [NR] Incluye referencias bibliográficas e índices
520 ## - NOTA DE RESUMEN, ETC. [R]
Nota de sumario, etc. [NR] Gracias a la ciencia y la tecnología vivimos mejor, mucho mejor de cómo vivian nuestros antepasados, y estamos sometidos a innumerables menos mitos e ignorancias de aquellas que ellos padecían. Habremos llegado, sin embargo, a un punto, en nuestros desarrollos científicos y tecnológicos, en el que la luz roja de "Peligro. No atravesar" se ha encendido? Una luz roja que si se transgrede puede poner en riesgo nuestra propia existencia como especie. Esta es la pregunta que se formula y analiza en este libro el eminente astrofísico y cosmólogo británico Martín Rees. La ciencia, señala Rees, está avanzando a un ritmo tan rápido que puede conducir, si no la controlamos, a la desaparición de nuestra especie durante el siglo XXI. Sin embargo, un elemento que ha permanecido sin cambiar a lo largo de los siglos ha sido la naturaleza humana. Pero en el siglo XXI medicamentos, modificaciones genéticas y acaso implantes de silicio en el cerebro cambiarán a los propios seres humanos, sus mentes y actitudes, incluso sus físicos". No es este libro una obra alarmista, que busca -como han hecho otros- predisponer a una parte importante de la sociedad en contra de la ciencia. Todo lo contrario. Su autor es un científico que ama su profesión y que únicamente pretende que la investigación científica no deje de ser lo que hasta el presente mayoritariamente ha sido: un maravilloso bien para nuestra especie. ?
650 #7 - ASIENTO SECUNDARIO DE MATERIA - TERMINO TEMATICO [R]
Término temático o nombre geográfico como elemento de entrada [NR] Predicciones
9 (RLIN) 22174
Subdivisión cronológica [R] siglo XXI
650 #7 - ASIENTO SECUNDARIO DE MATERIA - TERMINO TEMATICO [R]
Término temático o nombre geográfico como elemento de entrada [NR] Desastres
9 (RLIN) 12997
650 #7 - ASIENTO SECUNDARIO DE MATERIA - TERMINO TEMATICO [R]
Término temático o nombre geográfico como elemento de entrada [NR] Fin del mundo
9 (RLIN) 7626
650 #7 - ASIENTO SECUNDARIO DE MATERIA - TERMINO TEMATICO [R]
Término temático o nombre geográfico como elemento de entrada [NR] Cambio cultural
9 (RLIN) 10349
Subdivisión general [R] Aspectos sociales
690 #0 - ASUNTO AGREGADO LOCAL DE ENTRADA - TÉRMINO TEMÁTICO (OCLC, RLIN)
Acceso temático local Sociología
9 (RLIN) 386
765 ## - ASIENTO DE IDIOMA ORIGINAL [R]
Asiento principal [NR] A scientist's warning: how terror, error, and eviromental disaster
700 1# - ASIENTO SECUNDARIO - NOMBRE PERSONAL [R]
9 (RLIN) 84439
Nombre personal [NR] Riera Rey, Joan Lluís
Término de relación [R] traductor
942 ## - ELEMENTOS DE ENTRADA AGREGADOS (KOHA)
Sistema de clasificación DEWEY
Tema principal Sociología
Tipo de ítem principal el descrito en 300a Libro de reserva
Edición 1
Clasificación 303.49
Parte restante de la signatura top. R328nu
Existencias
Total préstamos Signatura topográfica Código de barras Última vez visto Ejemplar Costo de reposición Price effective from Tipo de ítem Perdido Sistema de clasificación Dañado No prestable Tipo de ítem específico Suprimido Ubicación habitual Ubicación actual Localización Fecha de creación Proveedor Forma de adquisición Costo
  303.49 R328nu 100152439 09/12/2025 Ej.2 79741.00 28/02/2017 Libro   DEWEY     Libro   Claustro Claustro 2do piso 28/02/2017 37 Compra 79741.00
  303.49 R328nu 100152438 09/12/2025 Ej.1 79741.00 28/02/2017 Libro   DEWEY     Libro   Claustro Claustro 2do piso 28/02/2017 37 Compra 79741.00